| 000 | 00956cam a2200217 i 4500 | ||
|---|---|---|---|
| 999 |
_c10430 _d10430 |
||
| 003 | OSt | ||
| 005 | 20220318180641.0 | ||
| 008 | 190415s2020 enk b 001 0 eng | ||
| 020 |
_a9781138506695 _q(pb : alk. paper) |
||
| 042 | _apcc | ||
| 082 | 0 | 0 |
_a343.420 _223 _bCOU |
| 100 | 1 |
_aCousins, Matthew, _d1975- _eauthor. |
|
| 245 | 1 | 0 |
_aArchitect's legal pocket book / _cMatthew Cousins. |
| 250 | _aThird edition. | ||
| 300 |
_axix, 394 pages ; _c20 cm |
||
| 504 | _aIncludes bibliographical references (pages 373-379) and index. | ||
| 505 | 0 | _aLegal framework -- Legislation -- Town and country planning -- Land law -- General principles of the law of tort -- General principles of contract law -- Types of construction contracts -- Contract administration -- Dispute resolution -- Design co-ordination : risk and liability further reading. | |
| 650 | 0 |
_aBuilding laws _zEngland. |
|
| 650 | 0 |
_aArchitects _zEngland _vHandbooks, manuals, etc. |
|
| 942 | _2ddc | ||